[Event "Barcelona-ch prel Veterans"]
[Site "Barcelona"]
[Date "2017.10.17"]
[Round "1.7"]
[White "Rodriguez Regull, German"]
[Black "Fernandez Castro, Jose A"]
[Result "1-0"]
[WhiteElo "2010"]
[BlackElo "1657"]
[PlyCount "53"]
[EventDate "2017.10.17"]
[EventType "swiss"]
[EventRounds "8"]
[EventCountry "ESP"]
[SourceTitle "EXT 2024"]
[Source "ChessBase"]
[SourceDate "2023.10.10"]
[SourceVersion "1"]
[SourceVersionDate "2023.10.10"]
[SourceQuality "1"]

1. e4 c6 2. d4 d5 3. e5 Bf5 4. c3 e6 5. Be3 Bg6 6. f4 Ne7 7. Nf3 Nf5 8. Bf2 h6 9. g4 Ne7 10. Nbd2 Qc7 11. Nh4 Bh7 12. Be2 Ng6 13. Ng2 Nd7 14. 0-0 c5 15. Bd3 Be7 16. f5 Ngf8 17. Qe2 0-0-0 18. Rac1 Kb8 19. c4 Nb6 20. cxd5 Nxd5 21. dxc5 Bg5 22. Rc4 f6 23. Nf3 fxe5 24. Nxe5 exf5 25. gxf5 Bf6 26. Bg3 Ka8 27. Ng6 1-0